Successful Branding (Record no. 2168)

MARC details
000 -LEADER
fixed length control field 00392nam a22001697a 4500
005 - DATE AND TIME OF LATEST TRANSACTION
control field 20160530141452.0
008 - FIXED-LENGTH DATA ELEMENTS--GENERAL INFORMATION
fixed length control field 160530b xxu||||| |||| 00| 0 eng d
020 ## - INTERNATIONAL STANDARD BOOK NUMBER
ISBN 81-7371-361-8
041 ## - LANGUAGE CODE
Language code of text/sound track or separate title eng
082 ## - DEWEY DECIMAL CLASSIFICATION NUMBER
Item number 6074
100 ## - MAIN ENTRY--AUTHOR NAME
Personal name Choudhory, Prem K
245 ## - TITLE STATEMENT
Title Successful Branding
260 ## - PUBLICATION, DISTRIBUTION, ETC. (IMPRINT)
Name of publisher University Press
Year of publication 2001
300 ## - PHYSICAL DESCRIPTION
Number of Pages 151
650 ## - SUBJECT ADDED ENTRY--TOPICAL TERM
Topical Term Management
942 ## - ADDED ENTRY ELEMENTS (KOHA)
Koha item type Books
Holdings
Lost status Damaged status Collection code Home library Current library Shelving location Date acquired Cost, normal purchase price Full call number Accession Number Koha item type
    MANAGEMENT JRU Library JRU Library SHELF- 67 M 30/05/2016 450.00 6074 6074 Books